Statistics for Freddie Highmore Filmography

Click here to take the quiz!

General Stats

  • This quiz has been taken 28 times
    (8 since last reset)
  • The average score is 7 of 41

Answer Stats

TypeYearName% Correct
TV Show2017-PresentThe Good Doctor
88%
Film2005Charlie and the Chocolate Factory
75%
Video Game2005Charlie and the Chocolate Factory
75%
TV Show2013-2017Bates Motel
63%
Video Game2008The Spiderwick Chronicles
63%
Film2008The Spiderwick Chronicles
63%
Film2010Arthur 3: The War of the Two Worlds
38%
Video Game2007Arthur and the Invisibles
38%
Film2009Arthur and the Revenge of Maltazard
38%
Film2004Finding Neverland
38%
Film2006Arthur and the Invisibles
25%
Film2004Two Brothers
25%
Film2009Astro Boy
13%
Video Game2009Astro Boy: The Video Game
13%
Film2013Justin and the Knights of Valour
13%
Film2023The Canterville Ghost
13%
Video Game2007The Golden Compass
13%
Film2007The Golden Compass
13%
Film2008A Fox's Tale
0%
Film2006A Good Year
0%
Film2016Almost Friends
0%
Short Film2010Astro Boy vs. The Junkyard Pirates
0%
Film2007August Rush
0%
TV Mini-Series2016Close to the Enemy
0%
Film2020Dragon Rider
0%
Film2004Five Children and It
0%
Music Video2004Girls
0%
TV Film2000Happy Birthday Shakespeare
0%
TV Film2002I Saw You
0%
TV Mini-Series2001Jack and the Beanstalk: The Real Story
0%
TV Show2021Leonardo
0%
Film2010Master Harold...and the Boys
0%
Film2011The Art of Getting By
0%
TV Special2020The Disney Family Singalong
0%
Film2016The Journey
0%
TV Mini-Series2001The Mists of Avalon
0%
Film2021The Vault
0%
TV Film2010Toast
0%
TV Film2017Tour de Pharmacy
0%
Film1999Women Talking Dirty
0%
Music Video2015You're My Waterloo
0%

Score Distribution

Percentile by Number Answered

Percent of People with Each Score

Your Score History

You have not taken this quiz since the last reset